Normal view
MARC view
Entry Personal Name
001 - CONTROL NUMBER
- control field: 1136405
003 - CONTROL NUMBER IDENTIFIER
- control field: OSt
005 - DATE AND TIME OF LATEST TRANSACTION
- control field: 20260320201942.0
008 - FIXED-LENGTH DATA ELEMENTS
- fixed length control field: 260320|| aca||aabn | a|a d
040 ## - CATALOGING SOURCE
- Original cataloging agency: OSt
- Transcribing agency: OSt
100 ## - HEADING--PERSONAL NAME
- Personal name: McLeroy
670 ## - SOURCE DATA FOUND
- Source citation: Work cat.: (OSt)1724463: McLeroy, Red Hat Certified Specialist in Services Management and Automation EX358 Exam Guide: Get your certification and prepare for real-world challenges as a Red Hat Certified Specialist
